Tècniques de relaxació : guia per superar les tensions físiques i mentals de la vida diària guia per superar les tensions físiques i mentals de la vida diària
Publicado:
Barcelona :
Diputació de Barcelona. Àrea de Salut Pública i Consum. Centres Assistencials Dr. Emili Mira i López ,
2009
Descripción Física:
7 p. : il. col. ; 21 cm
Materias:
Exercici per a persones grans
MARC
| LEADER | 00000nam a2200000Ia 4500 | ||
|---|---|---|---|
| 001 | 22238 | ||
| 008 | 160829s2009 xx 000 0 cat d | ||
| 080 | |a FU-49-86 | ||
| 245 | |a Tècniques de relaxació : |b guia per superar les tensions físiques i mentals de la vida diària | ||
| 260 | |a Barcelona : |b Diputació de Barcelona. Àrea de Salut Pública i Consum. Centres Assistencials Dr. Emili Mira i López, |c 2009 | ||
| 300 | |a 7 p. : |b il. col. ; |c 21 cm | ||
| 650 | 0 | |a Exercici per a persones grans |9 45923 | |
| 710 | |a Barcelona (Catalunya : Província). |b Àrea de Salut Pública i Consum |9 7348 | ||
| 710 | 2 | |a Centres Assistencials Dr. Emili Mira i López |9 52938 | |
| 901 | |a Arxiu | ||
| 942 | |n 1 | ||
| 952 | |0 0 |1 0 |4 0 |6 FU4986 |7 1 |9 52886 |a Arxiu |b Arxiu |d 2016-12-01 |l 0 |o FU-49-86 |p 22238 |r 2016-12-01 00:00:00 |w 2016-12-01 |y ARXIU | ||
| 999 | |c 56735 |d 56735 | ||